UBT Library

Parasitic infections and the immune system / (Record no. 40353)

000 -LEADER
fixed length control field 00807cam a2200241 a 4500
001 - CONTROL NUMBER
control field 1106996
005 - DATE AND TIME OF LATEST TRANSACTION
control field 20180116044259.0
008 - FIXED-LENGTH DATA ELEMENTS--GENERAL INFORMATION
fixed length control field 930526s1994 cau b 001 0 eng c
010 ## - LIBRARY OF CONGRESS CONTROL NUMBER
LC control number 93024095
020 ## - INTERNATIONAL STANDARD BOOK NUMBER
International Standard Book Number 0124065759 (hardcover : alk. paper)
040 ## - CATALOGING SOURCE
Original cataloging agency DNLM/DLC
Transcribing agency DLC
Modifying agency DLC
041 ## - LANGUAGE CODE
Language code of text/sound track or separate title eng
060 00 - NATIONAL LIBRARY OF MEDICINE CALL NUMBER
Classification number 616.96079
080 ## - UNIVERSAL DECIMAL CLASSIFICATION NUMBER
Universal Decimal Classification number 616.96079
082 00 - DEWEY DECIMAL CLASSIFICATION NUMBER
Classification number 616.96079 KIE
Edition number 20
100 ## - Rafti
Rafti 9
101 ## - Shkurtesa
Shkurtesa IMU
245 00 - TITLE STATEMENT
Title Parasitic infections and the immune system /
Statement of responsibility, etc edited by Felipe Kierszenbaum.
504 ## - BIBLIOGRAPHY, ETC. NOTE
Bibliography, etc Includes bibliographical references and index.
906 ## - LOCAL DATA ELEMENT F, LDF (RLIN)
a 7
b cbc
c orignew
d 1
e ocip
f 19
g y-gencatlg
942 ## - ADDED ENTRY ELEMENTS (KOHA)
Source of classification or shelving scheme
Item type Books
Holdings
Withdrawn status Lost status Source of classification or shelving scheme Damaged status Not for loan Collection code Permanent location Current location Shelving location Date acquired Total Checkouts Full call number Barcode Date last seen Price effective from Koha item type
          Koleksioni i përgjithshem UBT - Lipjan UBT - Lipjan Koleksioni i përgjithshem 01/16/2018   616.96079 KIE 002-2995577 01/16/2018 01/16/2018 Books
UBT Library © 2015-2024. All rights reserved University Education for Business and Technology